Our Song - Taylor Swift Lyrics - Statistics

General Stats
  • This quiz has been taken 9 times
  • The average score is 320 of 374
Answer Stats
Answer % Correct
a
100%
car
100%
front
100%
hair
100%
he
100%
his
100%
I
100%
in
100%
look
100%
my
100%
of
100%
on
100%
seat
100%
the
100%
undone
100%
was
100%
with
100%
again
89%
amen
89%
an
89%
and
89%
around
89%
as
89%
askin'
89%
could
89%
don't
89%
door
89%
god
89%
got
89%
hand
89%
have
89%
heart
89%
home
89%
how
89%
if
89%
is
89%
it
89%
just
89%
know
89%
one
89%
other
89%
our
89%
play
89%
ridin'
89%
said
89%
screen
89%
shotgun
89%
should
89%
slamming
89%
song
89%
steering
89%
that
89%
thinkin'
89%
to
89%
turn
89%
way
89%
we
89%
we're
89%
wheel
89%
when
89%
after
78%
all
78%
almost
78%
baby
78%
bed
78%
'cause
78%
come
78%
da
78%
date
78%
day
78%
didn't
78%
down
78%
every
78%
everything
78%
first
78%
for
78%
good
78%
had
78%
her
78%
he's
78%
it's
78%
kiss
78%
late
78%
laugh
78%
lovin'
78%
mama
78%
man
78%
note
78%
nothin'
78%
notice
78%
out
78%
phone
78%
radio
78%
real
78%
roses
78%
say
78%
says
78%
slow
78%
sneakin'
78%
somethin'
78%
something
78%
talk
78%
walking
78%
window
78%
wrong
78%
you
78%
your
78%
away
67%
'fore
67%
hallway
67%
talks
67%
tapping
67%
waiting
67%
well
67%
album
56%
along
56%
feel
56%
gone
56%
heard
56%
I've
56%
laughs
56%
lost
56%
oh
56%
pen
56%
porch
56%
steps
56%
trampled
56%
up
56%
wrote
56%
yeah
56%
been
44%
him
44%
listened
44%
napkin
44%
old
44%
grabbed
33%
thrown
33%
No matching quizzes found
Score Distribution
Percent of People with Each Score
Percentile by Number Answered
Your Score History
You have not taken this quiz